[Event "MCR mladeze, Kouty 2018 - FIDE Open"]
[Site "Kouty nad Desnou"]
[Date "2018.03.13"]
[Round "5"]
[White "Londin, Simon"]
[Black "Sandor, Martin"]
[Result "1-0"]
[WhiteElo "1848"]
[BlackElo "1970"]
[EventDate "2018.03.10"]

1. d4  d5  2. c4  e6
3. Nc3  Nf6  4. cxd5
exd5  5. Bg5  Be7
6. Qc2  c6  7. e3
O-O  8. Bd3  h6
9. Bf4  Nbd7  10. Nge2  Re8
11. O-O  Nf8  12. f3
Ne6  13. Bg3  Bd6
14. Bf2  Qc7  15. h3
g6  16. e4  dxe4
17. fxe4  Nh5  18. e5
Be7  19. Be3  Bg5
20. Bxg5  Nxg5  21. g4
Nxh3+  22. Kh2  Bxg4
23. Nd5  Qd8  24. Nf6+
Nxf6  25. Rxf6  Re6
26. Raf1  Bxe2 27. Bxg6  Rxf6
28. Rxf6  Ng5  29. Bxf7+
Nxf7  30. Qg6+  Kh8
31. Qxf7  Qxf6  32. exf6
Rg8  33. Qe7  Bc4
34. b3  Bd5  35. Kh3
b5  36. Qxa7  Rg6
37. Qe7  Kg8  38. Qe8+
Kh7  39. f7  Bxf7
40. Qxf7+  1-0

[Event "MCR mladeze, Kouty 2018 - FIDE Open"]
[Site "Kouty nad Desnou"]
[Date "2018.03.13"]
[Round "5"]
[White "Novotna, Tereza"]
[Black "Pycha, Patrik"]
[Result "0-1"]
[WhiteElo "1734"]
[BlackElo "2119"]
[PlyCount "54"]
[EventDate "2018.03.10"]

1. d4 Nf6 2. Bf4 e6 3. e3 Be7 4. Nd2 O-O 5. c3 d6 6. e4 d5 7. Bd3 dxe4 8. Nxe4
Nbd7 9. h4 Nxe4 10. Bxe4 Nf6 11. Bc2 c5 12. Nf3 cxd4 13. Qxd4 Qxd4 14. Nxd4 Nd5
15. Bg3 Rd8 16. O-O-O Bd7 17. Rhe1 Be8 18. Bb3 Bf8 19. Be5 a6 20. g3 Rac8 21.
Nf3 Ne7 22. Bd4 Bb5 23. Ng5 Bc4 24. Bxc4 Rxc4 25. Bb6 Rdc8 26. Ne4 Nd5 27. Be3
Rxe4 0-1

[Event "MCR mladeze, Kouty 2018 - FIDE Open"]
[Site "Kouty nad Desnou"]
[Date "2018.03.13"]
[Round "5"]
[White "Taus, Martin"]
[Black "Rolinek, Frantisek"]
[Result "1-0"]
[WhiteElo "2126"]
[BlackElo "1864"]
[PlyCount "71"]
[EventDate "2018.03.10"]

1. c4 e6 2. g3 Nf6 3. Bg2 c6 4. d4 d5 5. Nf3 Bb4+ 6. Bd2 Qa5 7. O-O Ne4 8. Bf4
O-O 9. a3 Bd6 10. Ne5 Qd8 11. c5 Bc7 12. Bxe4 dxe4 13. Nc3 f6 14. Nc4 Bxf4 15.
gxf4 f5 16. f3 exf3 17. Rxf3 Rf6 18. Rg3 Rh6 19. e3 Qh4 20. Qd2 Nd7 21. Qg2 g6
22. Nd2 Qe7 23. b4 Nf6 24. a4 Nd5 25. Nxd5 exd5 26. b5 Be6 27. Nf3 cxb5 28.
axb5 a5 29. bxa6 Rxa6 30. Rxa6 bxa6 31. Qb2 Qa7 32. Qb6 Qxb6 33. cxb6 Bc8 34.
Ng5 Kf8 35. Rg2 Ke8 36. Rc2 1-0

[Event "MCR mladeze, Kouty 2018 - FIDE Open"]
[Site "Kouty nad Desnou"]
[Date "2018.03.13"]
[Round "5"]
[White "Jirousek, Tadeas"]
[Black "Vlkova, Anezka"]
[Result "0-1"]
[WhiteElo "1672"]
[BlackElo "1933"]
[PlyCount "68"]
[EventDate "2018.03.10"]

1. e4 c5 2. Nf3 d6 3. d4 cxd4 4. Nxd4 Nf6 5. Nc3 g6 6. Be2 Bg7 7. O-O O-O 8.
Be3 Nc6 9. Nb3 Be6 10. f4 Qc8 11. h3 Rd8 12. Qe1 d5 13. e5 d4 14. Bxd4 Nxd4 15.
Nxd4 Rxd4 16. exf6 Bxf6 17. Nb5 Re4 18. Qd2 Rxe2 19. Qxe2 Bc4 20. Qf2 Bxb5 21.
Rfe1 Qc7 22. c3 Bc4 23. a3 Bb3 24. Re2 b5 25. Rae1 Rd8 26. Rd2 e6 27. Ree2 Rxd2
28. Rxd2 Be7 29. Qf3 Bd5 30. Qf1 Bc5+ 31. Kh1 Be3 32. Rxd5 exd5 33. Qxb5 Qxf4
34. a4 Bb6 0-1

[Event "MCR mladeze, Kouty 2018 - FIDE Open"]
[Site "Kouty nad Desnou"]
[Date "2018.03.13"]
[Round "5"]
[White "Vraj, Karel"]
[Black "Krupa, Miroslav"]
[Result "1/2-1/2"]
[WhiteElo "1914"]
[BlackElo "1906"]
[PlyCount "43"]
[EventDate "2018.03.10"]

1. e4 c5 2. Nf3 d6 3. c4 Bg4 4. Be2 Nc6 5. O-O g6 6. h3 Bxf3 7. Bxf3 Bg7 8. Nc3
e6 9. b3 Nge7 10. Bb2 O-O 11. Rb1 Nd4 12. g3 Rb8 13. Bg2 Nec6 14. Ne2 Qg5 15.
Nxd4 Nxd4 16. Bxd4 Bxd4 17. Kh2 f5 18. f4 Qe7 19. Qe2 Rfe8 20. Rbe1 Qd7 21. Qf3
b6 22. d3 1/2-1/2

[Event "MCR mladeze, Kouty 2018 - FIDE Open"]
[Site "Kouty nad Desnou"]
[Date "2018.03.13"]
[Round "5"]
[White "Vystrcil, Martin"]
[Black "Jirousek, Jan"]
[Result "1-0"]
[WhiteElo "2146"]
[BlackElo "1733"]
[PlyCount "97"]
[EventDate "2018.03.10"]

1. e4 c6 2. Nc3 d5 3. Nf3 dxe4 4. Nxe4 Nf6 5. Nxf6+ exf6 6. d4 Bd6 7. Bd3 O-O
8. O-O Qc7 9. h3 Rd8 10. c4 Nd7 11. Be3 Nf8 12. Rc1 Bf4 13. Qd2 Bxe3 14. fxe3
Ng6 15. Qf2 Qe7 16. Rfe1 c5 17. Re2 b6 18. Rce1 Bb7 19. b3 Be4 20. Bxe4 Qxe4
21. Nd2 Qe7 22. Nb1 Qd7 23. Nc3 Ne7 24. dxc5 bxc5 25. e4 Qd4 26. Qxd4 Rxd4 27.
e5 f5 28. Nb5 Nc6 29. Nxd4 Nxd4 30. Rd2 a5 31. Rd3 Kf8 32. a3 Rb8 33. Rb1 Rd8
34. Kf2 Ke7 35. b4 axb4 36. axb4 cxb4 37. Rxb4 Nc6 38. Rxd8 Nxd8 39. Rb6 Ne6
40. Rb7+ Ke8 41. Ke3 f4+ 42. Kf3 h5 43. h4 g6 44. Ra7 Kf8 45. Ke4 Ke8 46. Kd5
g5 47. hxg5 Nxg5 48. c5 Ne6 49. c6 1-0

[Event "MCR mladeze, Kouty 2018 - FIDE Open"]
[Site "Kouty nad Desnou"]
[Date "2018.03.13"]
[Round "5"]
[White "Jerabkova, Julia"]
[Black "Kotva, Milan"]
[Result "0-1"]
[WhiteElo "1603"]
[BlackElo "1917"]
[PlyCount "62"]
[EventDate "2018.03.10"]

1. d4 d5 2. c4 e6 3. Nc3 c6 4. cxd5 exd5 5. Bf4 Nf6 6. e3 Bf5 7. Bd3 Bg6 8.
Nge2 Nbd7 9. O-O Nh5 10. Rb1 Nxf4 11. Nxf4 Bd6 12. Nfe2 Nf6 13. Ng3 O-O 14. Qc2
Bxd3 15. Qxd3 g6 16. Rfc1 Re8 17. b4 h5 18. b5 h4 19. Nf1 Qd7 20. bxc6 bxc6 21.
Na4 Ne4 22. Qa6 h3 23. g3 Qg4 24. f4 g5 25. Rxc6 gxf4 26. Rxd6 fxg3 27. hxg3
Nxg3 28. Rb2 Rab8 29. Rf6 Ne4+ 30. Kh1 Rxb2 31. Nxb2 Qg2# 0-1

[Event "MCR mladeze, Kouty 2018 - FIDE Open"]
[Site "Kouty nad Desnou"]
[Date "2018.03.13"]
[Round "5"]
[White "Pavlicek, Lukas"]
[Black "Broz, Pavel"]
[Result "1/2-1/2"]
[WhiteElo "1790"]
[BlackElo "1859"]
[PlyCount "34"]
[EventDate "2018.03.10"]

1. c4 e6 2. Nf3 d5 3. g3 Nf6 4. Bg2 Be7 5. O-O c6 6. d4 Nbd7 7. Qc2 Nb6 8. Nbd2
O-O 9. b3 Ng4 10. e4 Nf6 11. Bb2 Ne8 12. Rac1 g6 13. Rfe1 Ng7 14. Ne5 f6 15.
Nef3 g5 16. h3 Rf7 17. Re2 h6 1/2-1/2

[Event "MCR mladeze, Kouty 2018 - FIDE Open"]
[Site "Kouty nad Desnou"]
[Date "2018.03.13"]
[Round "5"]
[White "Novotny, Martin"]
[Black "Tumova, Anna"]
[Result "1/2-1/2"]
[WhiteElo "1832"]
[BlackElo "1667"]
[PlyCount "75"]
[EventDate "2018.03.10"]

1. d4 Nf6 2. c4 g6 3. g3 d5 4. cxd5 Nxd5 5. e4 Nb6 6. Bg2 Bg7 7. Ne2 O-O 8. O-O
Nc6 9. e5 Nb4 10. Nbc3 N4d5 11. Ne4 c6 12. b3 Bf5 13. Bb2 Qc7 14. Qd2 a5 15.
Rac1 Rfd8 16. Rfd1 a4 17. Nc5 axb3 18. axb3 Ra2 19. Ra1 Rda8 20. Rxa2 Rxa2 21.
Ra1 Rxa1+ 22. Bxa1 Nd7 23. Nxd7 Bxd7 24. Qa2 Nb4 25. Qa7 Na6 26. Bc3 h5 27. h4
Be6 28. b4 Bc4 29. Nf4 e6 30. Bf1 Bxf1 31. Kxf1 Bf8 32. Nd3 Be7 33. Nc5 Nxc5
34. bxc5 Qd7 35. Qa2 Bd8 36. Qb3 Kg7 37. Kg1 Kh7 38. Qc4 1/2-1/2

[Event "MCR mladeze, Kouty 2018 - FIDE Open"]
[Site "Kouty nad Desnou"]
[Date "2018.03.13"]
[Round "5"]
[White "Klubal, Jiri"]
[Black "Hosnedl, Matyas"]
[Result "1/2-1/2"]
[WhiteElo "1785"]
[BlackElo "1805"]
[PlyCount "96"]
[EventDate "2018.03.10"]

1. e4 c5 2. Nf3 d6 3. d4 cxd4 4. Nxd4 Nf6 5. f3 g6 6. c4 Bg7 7. Be3 O-O 8. Nc3
Nc6 9. Qd2 Nxd4 10. Bxd4 Be6 11. Be2 Rc8 12. b3 Qa5 13. Rc1 h5 14. Be3 a6 15.
Nd5 Qxd2+ 16. Kxd2 Bxd5 17. cxd5 Nd7 18. Rhd1 Kh7 19. Rxc8 Rxc8 20. Rc1 Rxc1
21. Kxc1 Bh6 22. Kd2 Bxe3+ 23. Kxe3 Kg7 24. Kd4 Kf6 25. f4 e5+ 26. dxe6 fxe6
27. h3 e5+ 28. fxe5+ Nxe5 29. Kd5 Ke7 30. g4 hxg4 31. Bxg4 Nd3 32. Bc8 b5 33.
a3 b4 34. axb4 Nxb4+ 35. Kc4 a5 36. Kb5 Nd3 37. Kxa5 Nc5 38. b4 Nxe4 39. Kb6
Nc3 40. b5 Nxb5 41. Kxb5 Kf8 42. Kc6 Kg8 43. Kxd6 g5 44. Ke7 Kg7 45. Bf5 Kg8
46. Kf6 Kh8 47. Be6 Kh7 48. Kf7 Kh8 1/2-1/2

[Event "MCR mladeze, Kouty 2018 - FIDE Open"]
[Site "Kouty nad Desnou"]
[Date "2018.03.13"]
[Round "5"]
[White "Vondra, Ales"]
[Black "Ptacek, Jan"]
[Result "0-1"]
[WhiteElo "1716"]
[BlackElo "1856"]
[PlyCount "136"]
[EventDate "2018.03.10"]

1. d4 Nf6 2. Bf4 g6 3. h3 Bg7 4. e3 O-O 5. Nf3 d6 6. Be2 c5 7. c3 b6 8. O-O Bb7
9. Nbd2 Nbd7 10. Qb1 Qc7 11. Rc1 Rac8 12. a3 Qb8 13. b4 cxb4 14. cxb4 Nd5 15.
Bh2 Nc3 16. Qd3 Nxe2+ 17. Qxe2 Rc7 18. Qd1 Rfc8 19. Rxc7 Rxc7 20. Rc1 Qc8 21.
Rxc7 Qxc7 22. Qa4 Bc6 23. Qc2 Qc8 24. b5 Bb7 25. Qxc8+ Bxc8 26. Bf4 Nf6 27. e4
Nh5 28. Be3 f5 29. exf5 gxf5 30. Bg5 Kf7 31. Nc4 Bd7 32. a4 Be6 33. Nb2 h6 34.
Bd2 Bd5 35. Bc3 Bxf3 36. gxf3 Nf4 37. Kf1 Nxh3 38. Nd3 Ng5 39. Kg2 Ne6 40. a5
Bxd4 41. axb6 axb6 42. Bd2 Kg6 43. Nb4 Nc7 44. Nc6 Bf6 45. Be3 Nxb5 46. Bxb6 e6
47. Nb4 Bd4 48. Bd8 e5 49. Nd5 f4 50. Ne7+ Kh7 51. Nd5 Nc3 52. Nf6+ Kg6 53. Ne4
Nxe4 54. fxe4 Kf7 55. f3 h5 56. Bh4 Bb6 57. Bg5 Ke6 58. Bh4 Kd7 59. Kh3 Bd8 60.
Be1 Kc6 61. Bc3 Kc5 62. Kg2 Kc4 63. Ba1 Kb3 64. Kh3 Kc2 65. Kg2 Ba5 66. Kh3 Be1
67. Kg2 Kb1 68. Kf1 Bb4 0-1

[Event "MCR mladeze, Kouty 2018 - FIDE Open"]
[Site "Kouty nad Desnou"]
[Date "2018.03.13"]
[Round "5"]
[White "Homolkova, Ivana"]
[Black "Bares, Jachym"]
[Result "0-1"]
[WhiteElo "1710"]
[BlackElo "2040"]
[PlyCount "108"]
[EventDate "2018.03.10"]

1. e4 e5 2. Nf3 Nc6 3. Bb5 a6 4. Bxc6 dxc6 5. O-O f6 6. d4 exd4 7. Nxd4 c5 8.
Nb3 Qxd1 9. Rxd1 Bd6 10. Be3 b6 11. Nc3 Ne7 12. a4 Bb7 13. Nd5 Nxd5 14. exd5 c4
15. Nd4 O-O-O 16. Ne6 Rd7 17. a5 b5 18. Bf4 Bxf4 19. Nxf4 g5 20. Ne6 Rd6 21.
Nc5 Rhd8 22. Ne4 Rxd5 23. Rxd5 Rxd5 24. Nxf6 Rd2 25. Rc1 h6 26. Ng4 Be4 27. Ne3
Kd7 28. Kf1 Kc6 29. Ke1 Rd8 30. f3 Bg6 31. b3 c3 32. Rd1 Rxd1+ 33. Kxd1 Kc5 34.
Ng4 h5 35. Ne5 Be8 36. Nd3+ Kd4 37. Nb4 Ke3 38. Ke1 Bg6 39. Nxa6 Bxc2 40. Nb4
Bf5 41. a6 Bc8 42. a7 Bb7 43. Nc2+ Kd3 44. Kd1 c5 45. Na3 b4 46. Nc2 Bc6 47.
Ne1+ Ke3 48. g3 Bd5 49. Kc2 Kd4 50. f4 gxf4 51. gxf4 c4 52. bxc4 Kxc4 53. f5
b3+ 54. Kb1 Be4+ 0-1

[Event "MCR mladeze, Kouty 2018 - FIDE Open"]
[Site "Kouty nad Desnou"]
[Date "2018.03.16"]
[Round "8"]
[White "Eret, Jonas"]
[Black "Sikorova, Olga"]
[Result "1/2-1/2"]
[WhiteElo "2228"]
[BlackElo "2222"]
[EventDate "2018.03.10"]

1. d4  Nf6  2. Nf3  g6
3. Bf4  Bg7  4. e3
c5  5. c3  b6
6. h3  O-O  7. Be2  Bb7
8. O-O  d6  9. Nbd2
Nc6  10. a4  a6
11. Bh2  Qc7  12. Qb3  Rfe8
13. Rfd1  Na5  14. Qa3
c4  15. Rac1  b5
16. b4  Nc6  17. e4
e5  18. d5  Ne7
19. Ra1  Nd7  20. Ne1  f5
21. f3  Bh6  22. Qb2
Nb6  23. a5  Nd7
24. Nf1  Kh8  25. g3
Rf8  26. Kg2  Rf7
27. Bg1  Raf8  28. Ne3
Nf6  29. Qc2  f4
30. Ng4  Nxg4  31. hxg4
fxg3  32. Bb6  Qd7
33. Kxg3  Bf4+  34. Kf2
Nc8  35. Be3  Bxe3+
36. Kxe3  Qe7  37. Kf2
Qh4+  38. Kg1  h5
39. Ng2  Qg3  40. Qd2
Kg7  41. Qe1  Qxe1+
42. Rxe1  hxg4  43. fxg4
Rf2  44. Ra2  Kh6
45. Kh2  Ne7  46. Kg3
Kg5  47. Nh4  R2f4
48. Nf3+  Kf6  49. g5+
Kg7  50. Bd1  Bc8
51. Ng1  Ng8  52. Bf3
Ne7  53. Rh2  Rh8
1/2-1/2

[Event "MCR mladeze, Kouty 2018 - FIDE Open"]
[Site "Kouty nad Desnou"]
[Date "2018.03.16"]
[Round "8"]
[White "Safarik, Jakub"]
[Black "Bochnicka, Vladimir"]
[Result "1-0"]
[WhiteElo "2186"]
[BlackElo "2024"]
[EventDate "2018.03.10"]

1. e4  c5  2. Nf3  Nc6
3. d3  d6  4. Nbd2
Nf6  5. g3  g6
6. Bg2  Bg7  7. O-O  O-O
8. Re1  Qc7  9. c3
Bd7  10. Nf1  Rab8
11. d4  e5  12. dxe5
dxe5  13. Ne3  Be6
14. Ng5  Rbd8  15. Qe2
Bc8  16. Nd5  Qb8
17. Qc4  b6  18. b4
Qd6  19. bxc5  Qxc5
20. Qxc5  bxc5  21. Ba3
h6  22. Nxf6+  Bxf6
23. Nf3  Be7  24. Bf1
Be6  25. Bb5  Rc8
26. Reb1  Rfd8  27. Bc1
Rd1+  28. Kg2  Bf6
29. Be2  Rd6  30. Bxh6
Na5  31. Rd1  Rxd1
32. Rxd1  Rb8  33. Rd2
Rb1  34. Ng5  Bxg5
35. Bxg5  Kg7  36. Be3
c4  37. Rc2  Nc6
38. g4  a5  39. h4
a4  40. f4  exf4
41. Bxf4  a3  42. Bc1
Ne5  43. Bxa3  Nxg4
44. Bxg4  Bxg4  45. Rc1
Rb7  46. Kg3  Be2
47. Bb4  Bd3  48. Kf4
Kf6  49. a4  Ra7
50. a5  Ke6  51. Ra1
f6  52. Rg1  Kf7
53. e5  fxe5+  54. Kxe5
Ra6  55. Rg3  Ke8
56. Kd5  Kd7  57. Re3
Rf6  58. Re7+  Kd8
59. Rh7  Ra6  60. Kc5
Kc8  61. Kb5  Ra8
62. Bd6  g5  63. Rh8+
Kb7  64. Rxa8  Kxa8
65. hxg5  Kb7  66. a6+
Ka7  67. Bc5+  Kb8
68. a7+  Ka8  69. Kc6
Be4+  70. Kd7  Bc6+
71. Ke7  Be4  72. Kf6 1-0

[Event "MCR mladeze, Kouty 2018 - FIDE Open"]
[Site "Kouty nad Desnou"]
[Date "2018.03.16"]
[Round "8"]
[White "Vystrcil, Martin"]
[Black "Kabelka, Ondrej"]
[Result "1-0"]
[WhiteElo "2146"]
[BlackElo "2050"]
[EventDate "2018.03.10"]

1. e4  e6  2. d4  d5
3. Nc3  Bb4  4. Nge2
dxe4  5. a3  Be7
6. Nxe4  Nf6  7. Qd3
Nbd7  8. N2g3  O-O
9. Be2  Nxe4  10. Nxe4
Nf6  11. Be3  Bd7
12. Bf3  Bc6  13. Nxf6+
Bxf6  14. Bxc6  bxc6
15. O-O  c5  16. Rad1
Qe7  17. Qc4  cxd4
18. Bxd4  Bxd4  19. Rxd4
Rfd8  20. Rfd1  Rxd4
21. Qxd4  h5  22. g3
g6  23. c4  a5
24. c5  a4  25. c6  Qe8
26. Qc4  Qb8  27. Qc3
Qb6  28. Rd7  h4
29. Kg2  Qb5  30. gxh4
Qf5  31. Rxc7  e5
32. Rb7  Rc8  33. c7
Kg7  34. f3  f6
35. Rb8  Qd7  36. Rxc8  Qxc8
37. Qc5  e4  38. Qe7+
Kh6  39. Qd8  exf3+
40. Kf2  Qh3  41. Qh8#
1-0

[Event "MCR mladeze, Kouty 2018 - FIDE Open"]
[Site "Kouty nad Desnou"]
[Date "2018.03.16"]
[Round "8"]
[White "Pycha, Patrik"]
[Black "Londin, Simon"]
[Result "1/2-1/2"]
[WhiteElo "2119"]
[BlackElo "1848"]
[EventDate "2018.03.10"]

1. e4  c5  2. b3  Nc6
3. Bb2  e5  4. Nc3
Nge7  5. Bc4  d6
6. Nge2  Be6  7. d3
g6  8. O-O  Bg7
9. f4  O-O  10. Qe1  a6
11. a4  Rb8  12. Qh4
Nd4  13. Nxd4  exd4
14. Ne2  d5  15. exd5
Nxd5  16. Qxd8  Rfxd8
17. Bxd5  Bxd5  18. f5
Re8  19. Nf4  Bc6
20. fxg6  hxg6  21. Rae1
b5  22. axb5  axb5
23. Kf2  Be5  24. Bc1
Ra8  25. Re2  Bxf4
26. Rxe8+  Bxe8  27. Bxf4
Ra2  28. Rc1  1/2-1/2

[Event "MCR mladeze, Kouty 2018 - FIDE Open"]
[Site "Kouty nad Desnou"]
[Date "2018.03.16"]
[Round "8"]
[White "Holasek, Pavel"]
[Black "Vlkova, Anezka"]
[Result "0-1"]
[WhiteElo "2127"]
[BlackElo "1933"]
[EventDate "2018.03.10"]

1. d4  Nf6  2. Nf3  g6
3. Bf4  Bg7  4. e3
d6  5. h3  O-O
6. Be2  c5  7. c3  b6
8. O-O  Bb7  9. Na3
Nbd7  10. Rc1  a6
11. b4  Nd5  12. Qd2
N7f6  13. Bh2  Ne4
14. Qb2  Nexc3  15. bxc5
Nxe2+  16. Qxe2  bxc5
17. dxc5  Nc3  18. Qd3
Be4  19. Qd2  Bxf3
20. gxf3  dxc5  21. Qxd8
Rfxd8  22. Rc2  Rd3
23. Nc4  Na4  24. Ne5
Rd5  25. Nc6  Kf8
26. Rb1  Ke8  27. Rb8+
Rxb8  28. Nxb8  a5
29. Nc6  Bc3  30. Bc7
c4  31. Nd4  Bxd4
32. exd4  c3  33. Kf1
Kd7  34. Bf4  Rxd4
35. Be3  Rb4  36. Ke2
Rh4  37. Kd3  Kd6
38. Rc1  Kd5  39. Kc2
Rb4  40. Rd1+  Ke6
41. a3  Rb2+  42. Kc1
Ra2  43. Rd4  Nc5
44. Rc4  Nd3+  45. Kb1
Rxa3  46. Re4+  Kf6
47. Rc4  e5  48. h4
Nb4  49. Rc5  c2+
50. Kb2  Rxe3  51. Rxa5
Re1  0-1

[Event "MCR mladeze, Kouty 2018 - FIDE Open"]
[Site "Kouty nad Desnou"]
[Date "2018.03.16"]
[Round "8"]
[White "Taus, Martin"]
[Black "Rolinek, Dominik"]
[Result "1-0"]
[WhiteElo "2126"]
[BlackElo "1950"]
[EventDate "2018.03.10"]

1. e4  d6  2. d4  Nf6
3. Nc3  e5  4. Nf3
Nbd7  5. Bc4  Be7
6. Be3  O-O  7. Qd2
Ng4  8. O-O  Nxe3
9. fxe3  c6  10. Ne2
b5  11. Bb3  Bb7
12. Ng3  g6  13. a4
a6  14. axb5  axb5
15. Rxa8  Qxa8  16. dxe5
Nxe5  17. Nxe5  dxe5
18. Qd7  Bc5  19. Rxf7
1-0

[Event "MCR mladeze, Kouty 2018 - Narodni Open"]
[Site "Kouty nad Desnou"]
[Date "2018.03.10"]
[Round "1"]
[White "Snorek, Milan"]
[Black "Marak, Jakub"]
[Result "1-0"]
[WhiteElo "1970"]
[BlackElo "1345"]
[PlyCount "121"]
[EventDate "2018.03.10"]

1. d4 Nf6 2. c4 e6 3. Nf3 b6 4. a3 Bb7 5. Nc3 d5 6. Bg5 h6 7. Bxf6 Qxf6 8. Qa4+
Nd7 9. Ne5 Qd8 10. Nc6 Qf6 11. e4 dxe4 12. Nxe4 Qf4 13. Bd3 Bd6 14. Nxd6+ Qxd6
15. Be4 O-O 16. O-O a5 17. Rad1 Nf6 18. Ne7+ Qxe7 19. Bxb7 Rab8 20. Bc6 Rfd8
21. Rfe1 Qd6 22. h3 Kh8 23. Qb5 Kg8 24. g3 h5 25. Bf3 g6 26. Qg5 Kg7 27. Bg2
Qe7 28. Qe5 Qd6 29. f4 Qxe5 30. dxe5 Ng8 31. Kf2 Ne7 32. Be4 Nf5 33. Bxf5 exf5
34. Rd5 Rxd5 35. cxd5 Rd8 36. Rd1 c6 37. d6 Kf8 38. Ke3 c5 39. a4 Ke8 40. g4
hxg4 41. hxg4 Kd7 42. gxf5 gxf5 43. Rh1 Rg8 44. Rh7 Ke6 45. Rh6+ Kd7 46. Rf6
Rg3+ 47. Kf2 Rb3 48. Rxf7+ Ke6 49. Re7+ Kd5 50. d7 Rxb2+ 51. Ke3 Rb3+ 52. Kd2
Ke4 53. d8=Q c4 54. Rd7 b5 55. Rd4+ Kf3 56. Qd5+ Kf2 57. axb5 a4 58. Qxc4 Rb2+
59. Kc1 a3 60. Rd2+ Rxd2 61. Kxd2 1-0

[Event "MCR mladeze, Kouty 2018 - Narodni Open"]
[Site "Kouty nad Desnou"]
[Date "2018.03.10"]
[Round "1"]
[White "Kubin, Jiri"]
[Black "Kupsa, Matej"]
[Result "0-1"]
[WhiteElo "1305"]
[BlackElo "1823"]
[PlyCount "66"]
[EventDate "2018.03.10"]

1. d4 d5 2. c4 e6 3. Nc3 c6 4. Bf4 f5 5. e3 Nf6 6. Bd3 Be7 7. Nf3 O-O 8. O-O
Ne4 9. Ne5 Nd7 10. Nxd7 Bxd7 11. cxd5 exd5 12. Nxe4 fxe4 13. Be2 Be6 14. Bg4
Bxg4 15. Qxg4 Qc8 16. Qxc8 Raxc8 17. Be5 g6 18. g3 Kf7 19. f3 exf3 20. Rxf3+
Ke6 21. Raf1 Rxf3 22. Rxf3 c5 23. b3 c4 24. bxc4 Rxc4 25. Rf2 b5 26. Kg2 b4 27.
Kf3 Rc3 28. Rb2 a5 29. Ke2 a4 30. Kd2 Kf5 31. Bf4 g5 32. Be5 Ke4 33. h4 Rxe3
0-1

[Event "MCR mladeze, Kouty 2018 - Narodni Open"]
[Site "Kouty nad Desnou"]
[Date "2018.03.10"]
[Round "1"]
[White "Vojcak, Petr"]
[Black "Gloser, Tomas"]
[Result "1/2-1/2"]
[WhiteElo "1767"]
[BlackElo "1298"]
[PlyCount "130"]
[EventDate "2018.03.10"]

1. d4 Nf6 2. c4 e6 3. Nc3 d5 4. Bf4 Bd6 5. Bxd6 Qxd6 6. e3 Nc6 7. Nf3 O-O 8.
Be2 dxc4 9. Bxc4 Qb4 10. Qb3 b6 11. a3 Qxb3 12. Bxb3 Ba6 13. Rc1 Rfd8 14. Ba4
Bb7 15. O-O Rac8 16. Rfe1 Ne7 17. Ne5 c5 18. dxc5 Rxc5 19. f4 Ned5 20. Rcd1
Rcc8 21. Nxd5 Nxd5 22. Rd4 a6 23. Bb3 b5 24. Red1 Re8 25. Kf2 a5 26. a4 bxa4
27. Rxa4 Rc5 28. Nc4 Rb5 29. Ra3 Ra8 30. Rda1 Nf6 31. Nd6 Ne4+ 32. Nxe4 Bxe4
33. g4 Rab8 34. Rc1 g6 35. Rc3 Rd8 36. Ke2 Bd5 37. Bxd5 Rxb2+ 38. Kf3 Rxd5 39.
e4 Rdb5 40. Rc8+ Kg7 41. Ra8 Rxh2 42. R8xa5 Rh3+ 43. Kg2 Rxa5 44. Rxa5 Rb3 45.
Re5 h6 46. f5 exf5 47. exf5 Rb6 48. fxg6 Rxg6 49. Kf3 Rf6+ 50. Kg3 Kg6 51. Rh5
Re6 52. Kf4 f6 53. Rd5 Re5 54. Rd6 h5 55. gxh5+ Rxh5 56. Rd8 Rh4+ 57. Kg3 Ra4
58. Kf3 Kf5 59. Rf8 Ra3+ 60. Kf2 Ke4 61. Re8+ Kf4 62. Rf8 f5 63. Kf1 Ra2 64.
Rb8 Kf3 65. Rb3+ Kg4 1/2-1/2

[Event "MCR mladeze, Kouty 2018 - Narodni Open"]
[Site "Kouty nad Desnou"]
[Date "2018.03.10"]
[Round "1"]
[White "Broz, Jan"]
[Black "Novotny, Ondrej"]
[Result "0-1"]
[WhiteElo "1285"]
[BlackElo "1749"]
[PlyCount "74"]
[EventDate "2018.03.10"]

1. e4 e5 2. Nf3 Nc6 3. Bb5 Bc5 4. O-O d6 5. h3 Nf6 6. Re1 Bd7 7. c3 O-O 8. Bf1
Re8 9. a3 a6 10. d4 exd4 11. cxd4 Ba7 12. Bg5 h6 13. Bh4 g5 14. Bg3 Nxe4 15. d5
Nxg3 16. dxc6 Bxc6 17. Rxe8+ Qxe8 18. Nc3 Nxf1 19. Kxf1 Qe6 20. Qd3 Qb3 21. Nd4
Bxd4 22. Qxd4 Re8 23. Qd2 Bb5+ 24. Nxb5 Qxb5+ 25. Kg1 Re2 26. Qc3 Qxb2 27. Qxb2
Rxb2 28. Rc1 c6 29. Rd1 d5 30. Re1 Kg7 31. Re7 Kf6 32. Re8 d4 33. Rd8 c5 34.
Kf1 Ke5 35. a4 Ke4 36. a5 Kd3 37. f3 c4 0-1

[Event "MCR mladeze, Kouty 2018 - Narodni Open"]
[Site "Kouty nad Desnou"]
[Date "2018.03.10"]
[Round "1"]
[White "Novotny, David"]
[Black "Blaha, Lukas"]
[Result "1-0"]
[WhiteElo "1741"]
[BlackElo "1284"]
[PlyCount "57"]
[EventDate "2018.03.10"]

1. d4 d5 2. c4 c6 3. Nc3 Nf6 4. Bg5 h6 5. Bxf6 exf6 6. cxd5 cxd5 7. Qb3 Nc6 8.
O-O-O Qc7 9. Nxd5 Qa5 10. e3 Be6 11. Qxb7 Rc8 12. Nc3 Bd7 13. Qa6 Qf5 14. Qd3
Qa5 15. Qb5 Qd8 16. Qb3 a5 17. Bc4 Rb8 18. Bxf7+ Ke7 19. Qc4 Qb6 20. Nd5+ Kd8
21. Nxb6 Rxb6 22. Be6 Bxe6 23. Qxe6 Kc7 24. Qf7+ Ne7 25. d5 Rd6 26. Ne2 Kd8 27.
Nf4 Rd7 28. Ne6+ Kc8 29. Qe8+ 1-0

[Event "MCR mladeze, Kouty 2018 - Narodni Open"]
[Site "Kouty nad Desnou"]
[Date "2018.03.11"]
[Round "2"]
[White "Finek, Vaclav"]
[Black "Snorek, Milan"]
[Result "0-1"]
[WhiteElo "1518"]
[BlackElo "1970"]
[PlyCount "80"]
[EventDate "2018.03.10"]

1. e4 c6 2. d4 d5 3. e5 Bf5 4. g4 Bd7 5. Nc3 h5 6. g5 Bg4 7. f3 Bf5 8. h4 e6 9.
a3 Nd7 10. Be3 Ne7 11. Nge2 a6 12. Ng3 c5 13. Be2 Bg6 14. f4 cxd4 15. Bxd4 Nc6
16. Bf2 d4 17. Nce4 Qa5+ 18. b4 Qc7 19. Bxh5 Bxh5 20. Nxh5 O-O-O 21. Qe2 Nb6
22. O-O-O a5 23. Rh3 axb4 24. axb4 Nxb4 25. Bxd4 Rxh5 26. Bxb6 Rxd1+ 27. Qxd1
Qxb6 28. Qxh5 Na2+ 29. Kd2 Qd4+ 30. Rd3 Qxe4 31. Qxf7 Bb4+ 32. c3 Qg2+ 33. Kd1
Qf1+ 34. Kc2 Qe2+ 35. Rd2 Qe4+ 36. Rd3 Nxc3 37. Qxe6+ Kb8 38. Qd7 Ne2 39. Qd5
Qxf4 40. Rf3 Qxf3 0-1

[Event "MCR mladeze, Kouty 2018 - Narodni Open"]
[Site "Kouty nad Desnou"]
[Date "2018.03.11"]
[Round "2"]
[White "Kupsa, Matej"]
[Black "Kucera, Tomas"]
[Result "1-0"]
[WhiteElo "1823"]
[BlackElo "1465"]
[PlyCount "93"]
[EventDate "2018.03.10"]

1. d4 d5 2. Bf4 Nf6 3. e3 Bf5 4. Nd2 e6 5. Ngf3 c5 6. c3 Qb6 7. Qb3 c4 8. Qxb6
axb6 9. Nh4 Nc6 10. a3 b5 11. Rc1 Be7 12. Nxf5 exf5 13. Be2 Ne4 14. f3 Nxd2 15.
Kxd2 Kd7 16. Bd1 g5 17. Bg3 Bd6 18. Bc2 f4 19. exf4 Bxf4+ 20. Bxf4 gxf4 21.
Rce1 Ne7 22. Re5 Kd6 23. Rhe1 Ng6 24. Bxg6 hxg6 25. h3 Rhf8 26. Re7 b6 27. Rb7
Rab8 28. Ra7 Ra8 29. Rae7 Rab8 30. R1e5 Rbd8 31. Ke2 Kc6 32. Kf2 Rd6 33. Ra7
Re6 34. Re7 Rxe7 35. Rxe7 Kd6 36. Re5 f6 37. Re2 Kd7 38. g3 fxg3+ 39. Kxg3 Re8
40. Rxe8 Kxe8 41. Kg4 Kf7 42. f4 Kg7 43. h4 f5+ 44. Kg5 b4 45. axb4 b5 46. h5
gxh5 47. Kxh5 1-0